Казки і легенди народів світу. Книжка для читання англійською мовою у 6-7 класах (Запис № 280041)

МАРК-запис
000 -LEADER
fixed length control field 00466nam a22001457a 4500
041 ## - LANGUAGE CODE
Language code of text/sound track or separate title eng
080 ## - UNIVERSAL DECIMAL CLASSIFICATION NUMBER
Universal Decimal Classification number 81.2
090 ## - LOCALLY ASSIGNED LC-TYPE CALL NUMBER (OCLC); LOCAL CALL NUMBER (OCLC)
Local cutter number (OCLC) ; Book number/undivided call number, CALL (RLIN) ШТО
100 ## - MAIN ENTRY--PERSONAL NAME
Personal name Штойко Л. Л., Левчук Л. Г.
245 ## - TITLE STATEMENT
Title Казки і легенди народів світу. Книжка для читання англійською мовою у 6-7 класах
260 ## - PUBLICATION, DISTRIBUTION, ETC. (IMPRINT)
Place of publication, distribution, etc Київ
Name of publisher, distributor, etc Радянська школа
Date of publication, distribution, etc 1983
300 ## - PHYSICAL DESCRIPTION
Extent 112
650 ## - SUBJECT ADDED ENTRY--TOPICAL TERM
Topical term or geographic name as entry element Reading
942 ## - ADDED ENTRY ELEMENTS (KOHA)
Koha item type Книги
Фонди
Withdrawn status Lost status Source of classification or shelving scheme Damaged status Not for loan Home library Current library Date acquired Source of acquisition Cost, normal purchase price Total Checkouts Full call number Barcode Date last seen Price effective from Koha item type
    Universal Decimal Classification     ВІЛ - Відділ іноземн. літератури НБ ВІЛ - Відділ іноземн. літератури НБ 08/08/2005 Акт № 5\05 3.00   81.2 205204 06/12/2021 26/12/2005 Книги